| 000 | 00437nam a22001697a 4500 | ||
|---|---|---|---|
| 003 | MPLRDC | ||
| 005 | 20220104142601.0 | ||
| 008 | 210129b ||||| |||| 00| 0 eng d | ||
| 082 | _a047.386 JLQY v.6 | ||
| 100 | _a吉隆企业公司出版部 | ||
| 245 |
_a今日学生百科全书. 六 _c |
||
| 260 |
_a _b吉隆企业公司 _c |
||
| 300 | _b精 | ||
| 490 | _a今日学生百科全书;6 | ||
| 650 | _a | ||
| 942 |
_cBK _o047.386 JLQY v.6 |
||
| 999 |
_c32062 _d32052 |
||